000 00276nam a2200121Ia 4500
008 190216s9999||||xx |||||||||||||| ||und||
100 _aVasudevan Nair M T
245 0 _aNalu Kettu
260 _bPoorna Pubs Kozhikode
_c1980
300 _a280p
650 _aNovel
942 _cBK
999 _c24360
_d24360